UM Logo

Jonas : (Record no. 24078)

MARC details
000 -LEADER
fixed length control field 00519nam a2200169 4500
005 - DATE AND TIME OF LATEST TRANSACTION
control field 20251020112345.0
008 - FIXED-LENGTH DATA ELEMENTS--GENERAL INFORMATION
fixed length control field 251020b |||||||| |||| 00| 0 eng d
020 ## - INTERNATIONAL STANDARD BOOK NUMBER
International Standard Book Number 9786214502547
082 ## - DEWEY DECIMAL CLASSIFICATION NUMBER
Classification number DFil 899.2123 L494 2022
100 ## - MAIN ENTRY--PERSONAL NAME
Personal name Leceña, Hannah A.
9 (RLIN) 68913
245 ## - TITLE STATEMENT
Title Jonas :
Remainder of title Nobela sa wikang Sebwano /
Statement of responsibility, etc. Hannah A. Leceña.
260 ## - PUBLICATION, DISTRIBUTION, ETC. (IMPRINT)
Place of publication, distribution, etc. Maynila :
Name of publisher, distributor, etc. KWF Publikasyon,
Date of publication, distribution, etc. ©2022.
300 ## - PHYSICAL DESCRIPTION
Extent 114 pages ;
Dimensions 22 cm.
650 #0 - SUBJECT ADDED ENTRY--TOPICAL TERM
Topical term or geographic name as entry element Cebuano fiction.
9 (RLIN) 68914
650 #0 - SUBJECT ADDED ENTRY--TOPICAL TERM
Topical term or geographic name as entry element Cebuano literature.
9 (RLIN) 68915
942 ## - ADDED ENTRY ELEMENTS (KOHA)
Source of classification or shelving scheme Dewey Decimal Classification
Koha item type Filipiniana
Holdings
Withdrawn status Lost status Source of classification or shelving scheme Damaged status Not for loan Collection code Home library Current library Date acquired Source of acquisition Cost, normal purchase price Total Checkouts Full call number Barcode Date last seen Price effective from Koha item type
    Dewey Decimal Classification     Filipiniana UM Digos College - LIC UM Digos College - LIC 08/11/2025 Purchased 500.00   DFil 899.2123 L494 2022 29198 10/20/2025 10/20/2025 Filipiniana